[Event "GER-chT2 LF-22 B2 email"]
[Site "GER email"]
[Date "2007.??.??"]
[Round "?"]
[White "Grimm, Karl Friedrich"]
[Black "Hinken, Joerg"]
[Result "1-0"]
[WhiteElo "2191"]
[BlackElo "1937"]
[PlyCount "89"]
[EventDate "2007.??.??"]
[EventType "team (corr)"]
[EventRounds "9"]
[EventCountry "GER"]
[SourceTitle "Corr 2008"]
[Source "ChessBase"]
[SourceDate "2008.06.24"]
[SourceVersion "1"]
[SourceVersionDate "2008.06.24"]
[SourceQuality "1"]

1. Nf3 d5 2. d4 e6 3. c4 a6 4. cxd5 exd5 5. Nc3 Bb4 6. e3 Nc6 7. a3 Bxc3+ 8. bxc3 Nf6 9. Bd3 b6 10. 0-0 0-0 11. Qc2 Na5 12. a4 Re8 13. Ba3 Ne4 14. Ne5 f6 15. f3 Ng5 16. h4 fxe5 17. hxg5 Qxg5 18. Bxh7+ Kh8 19. f4 exf4 20. Rxf4 Be6 21. Bg6 Nc4 22. Bxe8 Rxe8 23. Qf2 Kg8 24. Rf8+ Rxf8 25. Qxf8+ Kh7 26. Qf4 Qg4 27. Be7 c6 28. Kf2 Nd2 29. Qxg4 Bxg4 30. Kg3 Be2 31. Kf4 Ne4 32. Rc1 Bc4 33. Bd8 b5 34. axb5 axb5 35. Be7 Kg6 36. Ra1 Nxc3 37. Ra6 Ne4 38. Rxc6+ Kf7 39. Bb4 Nf2 40. Rc7+ Kg8 41. Bd6 b4 42. Be5 g6 43. Rb7 b3 44. Kg5 Kf8 45. Kxg6 1-0

[Event "GER-chT2 LF-22 B2 email"]
[Site "GER email"]
[Date "2007.??.??"]
[Round "?"]
[White "Joppich, Ulrich"]
[Black "Grimm, Karl Friedrich"]
[Result "1-0"]
[WhiteElo "2296"]
[BlackElo "2191"]
[PlyCount "81"]
[EventDate "2007.??.??"]
[EventType "team (corr)"]
[EventRounds "9"]
[EventCountry "GER"]
[SourceTitle "Corr 2008"]
[Source "ChessBase"]
[SourceDate "2008.06.24"]
[SourceVersion "1"]
[SourceVersionDate "2008.06.24"]
[SourceQuality "1"]

1. d4 Nf6 2. c4 e6 3. Nc3 Bb4 4. f3 c5 5. d5 Nh5 6. Nh3 Qh4+ 7. Nf2 Qxc4 8. e4 Bxc3+ 9. bxc3 Qxc3+ 10. Bd2 Qa3 11. g4 Nf6 12. g5 Ng8 13. Rg1 exd5 14. exd5 Ne7 15. Rg4 0-0 16. Ra4 Qb2 17. Re4 Nxd5 18. Rb1 Nc3 19. Rxb2 Nxd1 20. Kxd1 d5 21. Rh4 Nd7 22. Bd3 f5 23. gxf6 Nxf6 24. Ng4 g6 25. Ne5 Re8 26. Nxg6 hxg6 27. Bxg6 Re6 28. Bh6 Ne8 29. Rg2 Rxg6 30. Rxg6+ Kf7 31. Rg5 Nf6 32. Rf4 a5 33. h4 Ra6 34. Rg7+ Ke6 35. Rg6 Ke5 36. Rfxf6 Rxf6 37. Bg7 Bf5 38. Rxf6 Kf4 39. h5 Kg5 40. f4+ Kg4 41. Rxf5 1-0

[Event "GER-chT2 LF-22 B2 email"]
[Site "GER email"]
[Date "2007.??.??"]
[Round "?"]
[White "Meissner, Ruediger"]
[Black "Grimm, Karl Friedrich"]
[Result "1/2-1/2"]
[WhiteElo "2125"]
[BlackElo "2191"]
[PlyCount "55"]
[EventDate "2007.??.??"]
[EventType "team (corr)"]
[EventRounds "9"]
[EventCountry "GER"]
[SourceTitle "Corr 2008"]
[Source "ChessBase"]
[SourceDate "2008.06.24"]
[SourceVersion "1"]
[SourceVersionDate "2008.06.24"]
[SourceQuality "1"]

1. e4 c6 2. d4 d5 3. exd5 cxd5 4. c4 Nf6 5. Nc3 e6 6. Nf3 Bb4 7. Bd3 dxc4 8. Bxc4 0-0 9. 0-0 b6 10. Bg5 Bb7 11. Ne5 Nc6 12. Bxf6 Qxf6 13. Nd7 Qh4 14. Nxf8 Rxf8 15. a3 Bd6 16. g3 Qh3 17. Re1 Nxd4 18. Bf1 Nf3+ 19. Qxf3 Qxf1+ 20. Kxf1 Bxf3 21. Rac1 Bb8 22. Re3 Bb7 23. Rd1 h6 24. f3 Rc8 25. b4 Kf8 26. Ke2 Ke7 27. Red3 Bc6 28. Ke3 1/2-1/2

[Event "GER-ch35 final email"]
[Site "GER email"]
[Date "2006.??.??"]
[Round "?"]
[White "Grimm, Karl Friedrich"]
[Black "Lorenzmeier, Wilhelm"]
[Result "1/2-1/2"]
[WhiteElo "2201"]
[BlackElo "2171"]
[PlyCount "61"]
[EventDate "2006.??.??"]
[EventType "tourn (corr)"]
[EventRounds "15"]
[EventCountry "GER"]
[SourceTitle "Corr 2008"]
[Source "ChessBase"]
[SourceDate "2008.06.24"]
[SourceVersion "1"]
[SourceVersionDate "2008.06.24"]
[SourceQuality "1"]

1. e4 c5 2. Nf3 d6 3. d4 cxd4 4. Nxd4 Nf6 5. Nc3 a6 6. Bg5 e6 7. f4 b5 8. e5 dxe5 9. fxe5 Qc7 10. exf6 Qe5+ 11. Be2 Qxg5 12. Qd3 Qxf6 13. Rf1 Qe5 14. Rd1 Ra7 15. Nf3 Qc7 16. Ng5 f5 17. Qd4 Qe7 18. Bh5+ g6 19. Qxh8 Qxg5 20. Bf3 Qe7 21. Qe5 Qc7 22. Qxc7 Rxc7 23. Rf2 Nc6 24. Bxc6+ Rxc6 25. a4 b4 26. Na2 e5 27. c3 bxc3 28. Nxc3 Be6 29. Rfd2 Kf7 30. Rd8 Rb6 31. R1d2 1/2-1/2

[Event "GER-ch35 final email"]
[Site "GER email"]
[Date "2006.??.??"]
[Round "?"]
[White "Von Rein, Guenter"]
[Black "Grimm, Karl Friedrich"]
[Result "1/2-1/2"]
[WhiteElo "2227"]
[BlackElo "2201"]
[PlyCount "66"]
[EventDate "2006.??.??"]
[EventType "tourn (corr)"]
[EventRounds "15"]
[EventCountry "GER"]
[SourceTitle "Corr 2008"]
[Source "ChessBase"]
[SourceDate "2008.06.24"]
[SourceVersion "1"]
[SourceVersionDate "2008.06.24"]
[SourceQuality "1"]

1. d4 d5 2. c4 dxc4 3. Nf3 Nf6 4. e3 e6 5. Bxc4 c5 6. 0-0 a6 7. Bb3 Nc6 8. Nc3 b5 9. Qe2 Bb7 10. Rd1 Na5 11. Bc2 Qb6 12. e4 cxd4 13. Nxd4 Bc5 14. Be3 0-0 15. e5 Nd5 16. Nxd5 Bxd5 17. a3 Qc7 18. b4 Bxd4 19. Bxd4 Nc4 20. Qd3 g6 21. Qg3 Rfd8 22. Rac1 Rd7 23. a4 f5 24. Re1 Qb7 25. axb5 axb5 26. Bc5 Qc7 27. f3 Qd8 28. Bd3 Ra2 29. Ra1 Rxa1 30. Rxa1 Bc6 31. Bxc4 bxc4 32. Bd6 Qb6+ 33. Qf2 Qxf2+ 1/2-1/2

[Event "GER-ch37 V1 email"]
[Site "GER email"]
[Date "2005.04.01"]
[Round "?"]
[White "Grimm, Karl Friedrich"]
[Black "Bucher, Heinz"]
[Result "0-1"]
[WhiteElo "2191"]
[BlackElo "2260"]
[PlyCount "148"]
[EventDate "2005.??.??"]
[EventType "tourn (corr)"]
[EventRounds "10"]
[EventCountry "GER"]
[SourceTitle "Corr 2008"]
[Source "ChessBase"]
[SourceDate "2008.06.24"]
[SourceVersion "1"]
[SourceVersionDate "2008.06.24"]
[SourceQuality "1"]

1. e4 c5 2. Nf3 d6 3. Bb5+ Bd7 4. Bxd7+ Nxd7 5. 0-0 Ngf6 6. Qe2 e6 7. b3 Be7 8. Bb2 0-0 9. c4 a6 10. d4 cxd4 11. Nxd4 Qb6 12. Nc2 Rac8 13. Nc3 Ne5 14. Nd4 Ng6 15. Na4 Qa7 16. Rad1 Rfd8 17. Rfe1 Nd7 18. Nf3 Qb8 19. Nc3 Qc7 20. Nd4 Qc5 21. Qe3 Bg5 22. Qh3 Bf6 23. Qe3 Bg5 24. Qg3 Bf4 25. Qh3 Be5 26. Qe3 Bf6 27. g3 Nge5 28. Kg2 Qa5 29. f4 Nc6 30. Nxc6 Rxc6 31. Qf3 Nf8 32. Re2 Rcc8 33. e5 dxe5 34. fxe5 Bxe5 35. Nd5 Ng6 36. Bxe5 exd5 37. Bc3 Qc7 38. Rxd5 Rxd5 39. Qxd5 Rd8 40. Qf3 Nf8 41. Bb4 Ne6 42. Rd2 Re8 43. Qd5 Rd8 44. Qf5 Re8 45. Rd6 b6 46. Qe4 h6 47. Kf2 a5 48. Ba3 a4 49. bxa4 Rc8 50. Bb4 Nc5 51. Bxc5 Qxc5+ 52. Qd4 Qf5+ 53. Kg2 Qc2+ 54. Kh3 Rxc4 55. Qd5 Rc8 56. Rxb6 Qf2 57. Rc6 Qf1+ 58. Kg4 Re8 59. Rd6 Qf2 60. h4 Re3 61. Rd8+ Kh7 62. Qf5+ Qxf5+ 63. Kxf5 Rxg3 64. Rd4 Ra3 65. Rf4 Rxa2 66. Kg4 Kg8 67. h5 Rg2+ 68. Kh4 Rg5 69. Rb4 Ra5 70. Rb8+ Kh7 71. Rb4 g6 72. hxg6+ fxg6 73. Rc4 h5 74. Rb4 Kh6 0-1

[Event "GER-ch37 V1 email"]
[Site "GER email"]
[Date "2005.04.01"]
[Round "?"]
[White "Keitsch, Ulrich"]
[Black "Grimm, Karl Friedrich"]
[Result "1/2-1/2"]
[WhiteElo "2134"]
[BlackElo "2191"]
[PlyCount "91"]
[EventDate "2005.??.??"]
[EventType "tourn (corr)"]
[EventRounds "10"]
[EventCountry "GER"]
[SourceTitle "Corr 2008"]
[Source "ChessBase"]
[SourceDate "2008.06.24"]
[SourceVersion "1"]
[SourceVersionDate "2008.06.24"]
[SourceQuality "1"]

1. d4 Nf6 2. Nf3 g6 3. Bg5 Bg7 4. Nbd2 0-0 5. c3 d6 6. e3 Nbd7 7. Bd3 e5 8. 0-0 h6 9. Bh4 Qe8 10. Qc2 Nh7 11. e4 Ndf6 12. Nc4 Nh5 13. Ne3 Be6 14. Rfe1 Nf4 15. Bc4 Bxc4 16. Nxc4 Qc6 17. b3 f5 18. exf5 exd4 19. cxd4 g5 20. Bg3 Nxg2 21. Kxg2 g4 22. Qd3 Qxf3+ 23. Qxf3 gxf3+ 24. Kxf3 Rxf5+ 25. Ke4 Raf8 26. Ne3 Ng5+ 27. Kd3 R5f7 28. Re2 Nf3 29. Nc2 Kh7 30. Rb1 d5 31. b4 h5 32. h4 a6 33. Re3 Bh6 34. Re6 Rg8 35. a4 Rg4 36. b5 axb5 37. axb5 Bg7 38. Rb4 Nxh4 39. Ne3 Rg6 40. Rxg6 Nxg6 41. Nxd5 c6 42. Nc7 h4 43. Bd6 Bf8 44. Bxf8 Nxf8 45. d5 Rxc7 46. Rxh4+ 1/2-1/2

[Event "GER-ch37 V1 email"]
[Site "GER email"]
[Date "2005.04.01"]
[Round "?"]
[White "Mehaux, Heiko"]
[Black "Grimm, Karl Friedrich"]
[Result "1/2-1/2"]
[WhiteElo "2110"]
[BlackElo "2191"]
[PlyCount "87"]
[EventDate "2005.??.??"]
[EventType "tourn (corr)"]
[EventRounds "10"]
[EventCountry "GER"]
[SourceTitle "Corr 2008"]
[Source "ChessBase"]
[SourceDate "2008.06.24"]
[SourceVersion "1"]
[SourceVersionDate "2008.06.24"]
[SourceQuality "1"]

1. e4 c5 2. Nf3 d6 3. d4 cxd4 4. Nxd4 Nf6 5. Nc3 a6 6. Be2 e5 7. Nb3 Be7 8. 0-0 0-0 9. Kh1 b6 10. f3 Bb7 11. Be3 b5 12. Qd2 Nbd7 13. a3 Rc8 14. Rfd1 Qc7 15. Rac1 Rfd8 16. Bxb5 axb5 17. Nxb5 Qb8 18. Nxd6 Bxd6 19. Qxd6 Qa8 20. Qb4 Bc6 21. Na5 Rb8 22. Qe1 Bb5 23. b4 Ba4 24. Rd2 Nf8 25. c4 Ne6 26. Rxd8+ Rxd8 27. b5 Rd3 28. Bg1 Nd7 29. Qb4 Ndc5 30. Bxc5 Nxc5 31. Qxc5 Qxa5 32. Qxe5 h6 33. Rg1 Rd8 34. Qc5 Bb3 35. h3 Rd7 36. Rc1 Rc7 37. Qd6 Rxc4 38. Rxc4 Bxc4 39. b6 Qa8 40. a4 Qc8 41. a5 Ba6 42. Kh2 Qc1 43. Qe5 Kh7 44. Qf5+ 1/2-1/2

[Event "GER-ch36 V3 email"]
[Site "GER email"]
[Date "2004.03.29"]
[Round "?"]
[White "Grimm, Karl Friedrich"]
[Black "Goergen, Hans Dieter"]
[Result "1/2-1/2"]
[WhiteElo "2173"]
[BlackElo "2183"]
[PlyCount "61"]
[EventDate "2004.03.29"]
[EventType "tourn (corr)"]
[EventRounds "10"]
[EventCountry "GER"]
[SourceTitle "Corr 2008"]
[Source "ChessBase"]
[SourceDate "2008.06.24"]
[SourceVersion "1"]
[SourceVersionDate "2008.06.24"]
[SourceQuality "1"]

1. e4 e5 2. Nf3 Nc6 3. Bb5 a6 4. Ba4 Nf6 5. 0-0 Be7 6. Bxc6 dxc6 7. d3 Qd6 8. Nbd2 Be6 9. b3 0-0 10. Bb2 Nd7 11. Qe2 Rad8 12. Nc4 Bxc4 13. dxc4 Qe6 14. a4 Qg4 15. h3 Qh5 16. Nd4 Qxe2 17. Nxe2 f6 18. Rfd1 Nc5 19. f3 Kf7 20. Bc3 g6 21. Kf2 h5 22. a5 Rd6 23. b4 Rxd1 24. Rxd1 Na4 25. c5 Rb8 26. Be1 Nb2 27. Rd2 Ke6 28. Nc1 f5 29. Nd3 Nxd3+ 30. Rxd3 b6 31. cxb6 1/2-1/2

[Event "GER-ch36 V3 email"]
[Site "GER email"]
[Date "2004.03.29"]
[Round "?"]
[White "Grimm, Karl Friedrich"]
[Black "Polzer, Hans"]
[Result "1-0"]
[WhiteElo "2173"]
[BlackElo "2111"]
[PlyCount "85"]
[EventDate "2004.03.29"]
[EventType "tourn (corr)"]
[EventRounds "10"]
[EventCountry "GER"]
[SourceTitle "Corr 2008"]
[Source "ChessBase"]
[SourceDate "2008.06.24"]
[SourceVersion "1"]
[SourceVersionDate "2008.06.24"]
[SourceQuality "1"]

1. Nf3 Nf6 2. g3 g6 3. Bg2 Bg7 4. 0-0 0-0 5. d4 d6 6. c4 c6 7. Nc3 Qa5 8. h3 Be6 9. Qd3 Qa6 10. b3 d5 11. Ne5 dxc4 12. Nxc4 Nd5 13. Ne4 Nd7 14. Bb2 N5b6 15. Ne5 Qxd3 16. Nxd3 Bd5 17. Nec5 Bxg2 18. Kxg2 Rab8 19. Rac1 Nxc5 20. dxc5 Nd7 21. Rfd1 Rbd8 22. Bxg7 Kxg7 23. Rd2 Nf6 24. f3 e5 25. e4 Rd7 26. Kf2 Rfd8 27. Ke2 Nh5 28. Rcd1 Nxg3+ 29. Kf2 Nh5 30. Ke1 Nf4 31. Nxe5 Rxd2 32. Rxd2 Rxd2 33. Kxd2 Nxh3 34. Ke3 Ng5 35. Nc4 Ne6 36. b4 h5 37. Nd6 Nd8 38. Nc8 a6 39. Nd6 Kf6 40. f4 Ke6 41. f5+ gxf5 42. Nxf5 Ke5 43. Nh6 1-0

[Event "GER-ch36 V3 email"]
[Site "GER email"]
[Date "2004.03.29"]
[Round "?"]
[White "Lorenzmeier, Wilhelm"]
[Black "Grimm, Karl Friedrich"]
[Result "0-1"]
[WhiteElo "2171"]
[BlackElo "2173"]
[PlyCount "67"]
[EventDate "2004.03.29"]
[EventType "tourn (corr)"]
[EventRounds "10"]
[EventCountry "GER"]
[SourceTitle "Corr 2008"]
[Source "ChessBase"]
[SourceDate "2008.06.24"]
[SourceVersion "1"]
[SourceVersionDate "2008.06.24"]
[SourceQuality "1"]

1. d4 d5 2. e3 Nf6 3. Bd3 c5 4. c3 Nc6 5. f4 Bg4 6. Nf3 e6 7. 0-0 Bd6 8. Nbd2 cxd4 9. cxd4 0-0 10. a3 Rc8 11. b3 Ne7 12. Bb2 Bf5 13. Qe2 Bxd3 14. Qxd3 Qb6 15. Rac1 Rxc1 16. Rxc1 Rc8 17. Rxc8+ Nxc8 18. b4 Ne7 19. Nb3 Nf5 20. Ne5 Qc7 21. Nc5 h5 22. e4 dxe4 23. Nxe4 Nxe4 24. Qxe4 a5 25. Kh1 axb4 26. axb4 Qb6 27. Nd3 Qb5 28. d5 Qxd5 29. Qxd5 exd5 30. g3 f6 31. Kg2 b5 32. Kf3 Ne7 33. h3 Nc6 34. Bc3 0-1

[Event "GER-ch35 V7 email"]
[Site "GER email"]
[Date "2003.03.22"]
[Round "?"]
[White "Bensiek, Norbert"]
[Black "Grimm, Karl Friedrich"]
[Result "1/2-1/2"]
[WhiteElo "2062"]
[BlackElo "2133"]
[PlyCount "78"]
[EventDate "2003.??.??"]
[EventType "tourn (corr)"]
[EventRounds "10"]
[EventCountry "GER"]
[SourceTitle "Corr 2008"]
[Source "ChessBase"]
[SourceDate "2008.06.24"]
[SourceVersion "1"]
[SourceVersionDate "2008.06.24"]
[SourceQuality "1"]

1. e4 c5 2. Nf3 d6 3. Bb5+ Bd7 4. a4 Nf6 5. d3 Nc6 6. Nc3 a6 7. Bc4 e6 8. 0-0 Be7 9. h3 0-0 10. Re1 Qc7 11. Bb3 Na5 12. Ba2 b5 13. axb5 axb5 14. Bf4 b4 15. Ne2 Nh5 16. Bh2 Qb7 17. d4 Nf6 18. Ng3 cxd4 19. Nxd4 Nc6 20. Nf3 Ra5 21. Bc4 Rxa1 22. Qxa1 Ne5 23. Nxe5 dxe5 24. b3 Bd6 25. Qd1 Bc5 26. Nh5 Nxh5 27. Qxh5 Bd4 28. Bg3 h6 29. Kh2 Bb5 30. Bxb5 Qxb5 31. Qe2 Qc5 32. Rd1 Rc8 33. Rd2 Ra8 34. f3 Bg1+ 35. Kh1 f6 36. Be1 Kh7 37. h4 Bd4 38. g3 Ra1 39. Kg2 Rc1 1/2-1/2

[Event "GER-ch33 V7 email"]
[Site "GER email"]
[Date "2002.??.??"]
[Round "?"]
[White "Gruesser, Manfred"]
[Black "Grimm, Karl Friedrich"]
[Result "1/2-1/2"]
[WhiteElo "2063"]
[BlackElo "2201"]
[PlyCount "112"]
[EventDate "2002.01.06"]
[EventType "tourn (corr)"]
[EventRounds "12"]
[EventCountry "GER"]
[SourceTitle "Corr 2008"]
[Source "ChessBase"]
[SourceDate "2008.06.24"]
[SourceVersion "1"]
[SourceVersionDate "2008.06.24"]
[SourceQuality "1"]

1. e4 c5 2. Nf3 d6 3. d4 cxd4 4. Nxd4 Nf6 5. Nc3 a6 6. Be2 e5 7. Nb3 Be7 8. 0-0 0-0 9. Be3 Be6 10. f4 exf4 11. Bxf4 Nc6 12. Kh1 Rc8 13. Qe1 Ne8 14. a3 Bf6 15. Rd1 Ne5 16. Nd4 Qb6 17. Qg3 Qc5 18. Be3 Qc7 19. Bg5 Bxg5 20. Qxg5 b5 21. a4 b4 22. Nd5 Bxd5 23. exd5 Qb6 24. Nf5 Rc7 25. Rd4 a5 26. Bb5 f6 27. Qg3 Qc5 28. Rf2 g6 29. Rfd2 Ng7 30. Ne3 Rff7 31. Qf4 Rce7 32. Rd1 g5 33. Qg3 h6 34. Qf2 f5 35. R4d2 Rc7 36. Re1 f4 37. Nd1 Nf5 38. Qxc5 Rxc5 39. c3 f3 40. gxf3 Nxf3 41. Re8+ Kg7 42. Rd3 Ne5 43. Rd2 Nh4 44. Be2 bxc3 45. bxc3 Nhg6 46. Bb5 Nf4 47. Rxe5 dxe5 48. c4 e4 49. d6 Rf8 50. d7 Nd3 51. h4 Rd8 52. Nc3 Re5 53. Nxe4 Rxe4 54. Rxd3 Rxh4+ 55. Kg2 Rg4+ 56. Kf3 Rh4 1/2-1/2

[Event "GER-ch33 V7 email"]
[Site "GER email"]
[Date "2002.??.??"]
[Round "?"]
[White "Hamann, Henner"]
[Black "Grimm, Karl Friedrich"]
[Result "1-0"]
[WhiteElo "2058"]
[BlackElo "2201"]
[PlyCount "91"]
[EventDate "2002.01.06"]
[EventType "tourn (corr)"]
[EventRounds "12"]
[EventCountry "GER"]
[SourceTitle "Corr 2008"]
[Source "ChessBase"]
[SourceDate "2008.06.24"]
[SourceVersion "1"]
[SourceVersionDate "2008.06.24"]
[SourceQuality "1"]

1. e4 c5 2. Nf3 d6 3. Bb5+ Bd7 4. Bxd7+ Qxd7 5. 0-0 Nc6 6. c4 Nf6 7. Nc3 e6 8. d4 cxd4 9. Nxd4 Be7 10. Be3 0-0 11. b3 a6 12. f3 b5 13. cxb5 Nxd4 14. Bxd4 axb5 15. a4 bxa4 16. bxa4 d5 17. e5 Ne8 18. Qd3 f6 19. Qb5 Qc8 20. Rfc1 Qa6 21. Qxa6 Rxa6 22. f4 Bb4 23. Ne2 Bd2 24. Rc8 g5 25. g3 fxe5 26. fxe5 Ng7 27. Rxf8+ Kxf8 28. g4 Kf7 29. Kf2 Kg6 30. Ra2 Ba5 31. Nc1 Bc7 32. Nd3 h5 33. h3 Ba5 34. Nc5 Rb6 35. Rb2 Rxb2+ 36. Bxb2 Bb4 37. Bd4 Kf7 38. Nb7 hxg4 39. hxg4 Ke8 40. a5 Kd7 41. a6 Ne8 42. a7 Nc7 43. Nc5+ Bxc5 44. Bxc5 Kc6 45. Bd6 Na8 46. Be7 1-0